| 000 | 00365nam a22001457a 4500 | ||
|---|---|---|---|
| 005 | 20160125124120.0 | ||
| 008 | 160125b xxu||||| |||| 00| 0 eng d | ||
| 040 | _cPK-LaUMT | ||
| 082 |
_aAMC 962.050924 _bANW-S |
||
| 100 | _aAnwar el-Sadat | ||
| 245 |
_aIn search of identity _cAnwar el-Sadat |
||
| 260 |
_aLondon _bcollins _c1978 |
||
| 300 | _a360 p. | ||
| 942 | _cBK | ||
| 999 |
_c82220 _d82220 |
||